The value of nothing /

Bibliographic Details
Main Author: Wiltshire, Kim (Author)
Format: Book
Language:English
Published: London : Aurora Metro, 2018.
Subjects:

MARC

Tag First Indicator Second Indicator Subfields
LEADER 00000cam a2200000 i 4500
001 in00004018917
005 20190122151112.0
008 171101s2018 enk 000 d eng d
020 |a 9781911501954  |q (pbk.) : 
020 |a 191150195X 
035 |a (OCoLC)on1064656817 
040 |a UKM  |e rda  |c UKM  |d COO  |d BDX  |d UtOrBLW 
049 |a TXAM 
050 4 |a PR6123.I5736  |b V35 2017 
082 0 |a 822.92  |2 23 
100 1 |a Wiltshire, Kim,  |e author.  |0 http://id.loc.gov/authorities/names/nb2006012983 
245 1 4 |a The value of nothing /  |c by Kim Wiltshire. 
264 1 |a London :  |b Aurora Metro,  |c 2018. 
300 |a 72 pages ;  |c 20 cm. 
336 |a text  |b txt  |2 rdacontent 
337 |a unmediated  |b n  |2 rdamedia 
338 |a volume  |b nc  |2 rdacarrier 
650 0 |a Community arts projects  |z Great Britain  |v Drama. 
945 |b 792817 
947 |a A14850546400 
948 |a cataloged  |b h  |c 2018/12/21  |d c  |e dmitchel  |f 11:10:20 am 
994 |a 92  |b TXA 
999 f f |s 674df5df-ead4-3399-b9eb-fe50f637b557  |i ab0a8b71-efc2-3b57-b12e-7c08b761a03f  |t 0 
952 f f |p normal  |a Texas A&M University  |b College Station  |c Sterling C. Evans Library  |d Evans: Library Stacks  |t 0  |e PR6123.I5736 V35 2017  |h Library of Congress classification  |i unmediated -- volume  |m A14850546400 
998 f f |a PR6123.I5736 V35 2017  |t 0  |l Evans: Library Stacks